00475nam a2200157Ia 4500001001000000003000500010008004100015010001100056040000900067082001900076100002300095245008000118260003100198300001100229650007700240Para_2739CHAP220125s1975 xx 000 0 und d a198930 cCHAP aPA 634.0913 C6 aCook, Allyn Austin aDiseases of tropical and subtropical fruits and nuts /c Allyn Austin Cook aNew York :b Hafner Press a317 p. aFruticultural x Trópicos Fruta x Enfermedades Nuez x Enfermedades